好きな食べ物ランキングtop100 - Statistics

General Stats
  • This quiz has been taken 758 times
  • The average score is 39 of 100
Answer Stats
順位 項目 備考 % Correct
42位 カレー
91%
1位 寿司
90%
28位 ラーメン
87%
13位 うどん
82%
6位 ハンバーグ
81%
91位 そば
78%
63位 ショートケーキ ケーキの一種
77%
56位 味噌ラーメン ラーメンの一種
76%
3位 鶏の唐揚げ
75%
2位 焼肉
73%
21位 豚骨ラーメン ラーメンの一種
73%
27位 醤油ラーメン ラーメンの一種
73%
64位 塩ラーメン ラーメンの一種
73%
15位 ハンバーガー
71%
7位 ステーキ
63%
11位 ピザ
63%
9位 餃子
62%
93位 カルボナーラ パスタの一種
62%
68位 チーズ
60%
30位 チャーハン
59%
17位 とんかつ
58%
36位 天ぷら
58%
55位 牛丼
58%
33位 チョコレート
57%
16位 オムライス
55%
22位 鮭・サーモン
54%
43位 味噌汁
54%
10位 たこ焼き
51%
20位 お好み焼き
51%
4位 フライドポテト
50%
23位 りんご
49%
58位 焼きそば
49%
78位 エビ
49%
5位 アイスクリーム
48%
14位 おにぎり
48%
34位 刺身
48%
19位 いちご
47%
18位 みかん
46%
26位 ぶどう
45%
44位 カツ丼
44%
65位 メロン
44%
24位 焼き鳥
43%
31位 すき焼き
41%
94位 親子丼
40%
8位 カレーライス
39%
37位 グラタン
39%
54位 ハヤシライス
39%
76位 そうめん
38%
79位 エビフライ
37%
86位 麻婆豆腐
37%
49位 海鮮丼
36%
35位 白米
35%
45位 バナナ
35%
74位 コロッケ
35%
32位 フライドチキン
34%
61位 しゃぶしゃぶ
34%
84位 納豆
33%
38位 スイカ
32%
47位 シュークリーム
32%
90位 ドリア
32%
29位 ドーナツ
30%
52位 カツカレー カレーの一種
30%
77位 いくら
30%
71位 肉じゃが
29%
41位
28%
95位 カニ
28%
46位 パフェ
27%
62位
26%
88位 パンケーキ
24%
25位 かき氷
23%
66位
23%
69位 豚汁
22%
82位 グミ
22%
53位 クレープ
20%
70位 クロワッサン
20%
50位 うな重
18%
72位 ミートソーススパゲッティ スパゲッティの一種
18%
80位 大トロ
17%
12位 牛タン
16%
57位 小籠包
16%
85位 ウナギ
16%
99位 串カツ
16%
39位 揚げパン
15%
87位 ホタテ
15%
40位 果物 種類全般を指す
13%
73位 ざるうどん うどんの一種
13%
81位 じゃがいも
13%
97位 ぶり
13%
67位 しょうが焼き
12%
98位 たらこパスタ パスタの一種
12%
51位 ねぎとろ
11%
59位 ガトーショコラ ケーキの一種
11%
75位 マカロン
11%
83位 コーンポタージュ
8%
89位 うな丼
7%
48位 シャインマスカット
6%
60位 生ハム
6%
100位 トマトパスタ パスタの一種
6%
96位 肉寿司 寿司の一種
4%
92位 いくら丼
2%
No matching quizzes found
Score Distribution
Percent of People with Each Score
Percentile by Number Answered
Your Score History
You have not taken this quiz